Music Quiz

Random Music or Lyrics Quiz

Slipknot Songs By Lyric Quiz Stats

Quiz not verified by Sporcle

Challenge
Share
Tweet
Embed
Score 0/25 Timer 08:00
0 Plays Today
Lyric Song % Correct
I push my fingers into my...Duality
82.8%
Inside a shell I wait and...Wait and Bleed
80.8%
I! Am a worm before I am a man,Before I Forget
79.5%
And the rain will kill us all...Psychosocial
77.7%
If your five five five then i'm six six six...The Heretic Anthem
73.8%
Where you gonna be in the next five years?Spit It Out
67.8%
You told me to love you and I did...Dead Memories
60.3%
Noises noises people make noises,Disasterpieces
55.1%
My guilt, and my shame,Sulfur
55%
I ignore you!Left Behind
52.7%
All this attention is doing me in!Surfacing
51%
I think i'm gonna be sick and it's your fault!Everything Ends
50.4%
And if you touch me I will rip you apart,My Plague (2)
49.4%
Lyric Song % Correct
Enemy, show me what you wanna be!(sic)
48.9%
Carve my name in my face!Vermillion
44.3%
Pathetic, accept it, your opinion!The Nameless
39.7%
Biding my time until the time is right...Scissors
35.1%
My friends are all hurting, moments and rejects and charity laced with a lie...Till We Die
34.2%
Suck these nuts!Get This
34.1%
Burn me away!Child Of Burning Time
33%
Oh I didn't need to leave to stay right here!Three Nil
30.5%
This whole thing I think is (sic)742617000027
28.1%
Death.(515)
24.7%
Killing myself, empathy!Skin Ticket
22.5%
And we will burn your cities, down!Gemetria (The Killing Name)
21.3%

You're not logged in!

Compare scores with friends on all Sporcle quizzes.
Join for Free
OR
Log In

You Might Also Like...

Show Comments

Extras

Top Quizzes Today


Score Distribution

Your Account Isn't Verified!

In order to create a playlist on Sporcle, you need to verify the email address you used during registration. Go to your Sporcle Settings to finish the process.

Report this User

Report this user for behavior that violates our Community Guidelines.

Details: